banner-ar

Netter's essential histology / (Record no. 60767)

MARC details
000 -الفاتح
حقل البيانات ثابتة الطول 01425cam a22002898a 4500
005 - وقت وتاريخ اخر تعامل مع التسجيلة
رقم الضبط 20240530110427.0
008 - عناصر البيانات ثابتة الطول - معلومات عامة
حقل البيانات ثابتة الطول 121102s2013 paua f b 001 0 eng
020 ## - الرقم الدولى المعيارى للكتب
الرقم الدولى المعيارى للكتاب 9781455706310 (pbk. : alk. paper)
035 ## - رقم ضبط النظام
رقم ضبط النظام (DNLM)101595157
040 ## - مصدر الفهرسة
وكالة الفهرسة الأصلية EG-CaGPL
وكالة النسخ EG-CaGPL
042 ## -
-- pcc
082 04 - رقم تصنيف ديوى العشرى
رقم الطبعة 21
رقم التصنيف 611.018\
رقم المادة O N
100 1# - المدخل الرئيسى - إسم شخصى
الإسم الشخصى Ovalle, William K.
245 10 - بيان العنوان
العنوان Netter's essential histology /
بيان المسئوليه,etc William K. Ovalle, Patrick C. Nahirney ; illustrations by Frank H. Netter, contributing illustrators, Joe Chovan ... [et al.].
246 1# - العنوان الموازى
عنوان صحيح/عنوان مختصر Essential histology
250 ## - بيان الطبعة
بيان الطبعة 2nd ed.
260 ## - PUBLICATION, DISTRIBUTION, ETC. (IMPRINT)
تاريخ النشر أو التوزيع c2013.
300 ## - الوصف المادى
التعداد p417. :
تفاصيل ماديه اخرى للوعاء ill. col ;
أبعاد الوعاء 28 cm.
504 ## - تبصرة ببليوجرافية
تبصرة ببليوجرافية,الخ Includes bibliographical references and index.
650 12 - المدخل الاضافى بالموضوع-مصطلح موضوعى
مصطلح موضوعي Histology
التقسيم الفرعي الشكلي Atlases.
700 1# - المدخل الاضافى - اسم شخصى
الإسم الشخصى Nahirney, Patrick C.
700 1# - المدخل الاضافى - اسم شخصى
الإسم الشخصى Netter, Frank H.
الشكل الأكمل للاسم (Frank Henry),
التواريخ المصاحبة للاسم 1906-1991.
942 ## - عناصر المدخل الإضافي( كوها)
مصدر التصنيف او مخطط الترفيف Dewey Decimal Classification
Koha [default] item type كتاب
260 ## - PUBLICATION, DISTRIBUTION, ETC. (IMPRINT)
-- Philadelphia, PA :
-- Elsevier/Saunders,
263 ## -
-- 1304
505 0# - تبصرة محتويات-الفهرس
تبصرة المحتويات المصاغة The Cell -- Epithelium and exocrine glands -- Connective tissue -- Muscle tissue -- Nervous tissue -- Cartilage and bone -- Blood and bone marrow -- Cardiovascular system -- Lymphoid system -- Endocrine system -- Integumentary system -- Upper digestive system -- Lower digestive system -- Liver, gallbladder, and exocrine pancreas -- Respiratory system -- Urinary system -- Male reproductive system -- Female reproductive system -- Eye and adnexa -- Special senses.
Holdings
حالة التراجع حالة الفقد مصدر التصنيف او خطة الترفيف حالة تلف ليس للاعارة المكان المؤقت الموقع الحالى تاريخ الاكتساب اجمالي اﻻعارات رقم الطلب الباركود تاريخ اخر مشاهدة تاريخ تفعيل السعر نوع وعاء كوها
    ddc     مكتبة القاهرة الكبرى مكتبة القاهرة الكبرى 03/25/2015   611.018\ O N 159881 03/25/2015 03/25/2015 كتاب

Powered By

EGPV